000
00317nam a2200133Ia 4500
008
191201s2012 xx 000 0 und d
100
_a
SINGLA, RK
245
0
_a
Management Process and Organisational
250
_a
Ed
260
_a
N. delhi
_b
V K Enterprises
_c
2012
300
_a
611
650
_a
BBA
942
_2
ddc
_c
BK
_0
2
999
_c
50
_d
50